MotoGP Race Winners - Statistics

General Stats
  • This quiz has been taken 1,306 times
  • The average score is 18 of 31
Answer Stats
Wins Rider Country Years active % Correct
76 Valentine Rossi Italy 2002-21
99%
59 Marc Marquez Spain 2013-21
98%
47 Jorge Lorenzo Spain 2008-19
92%
38 Casey Stoner Australia 2006-12
87%
31 Dani Pedrosa Spain 2006-18, 21
86%
8 Fabio Quartararo France 2019-21
85%
15 Andrea Dovizioso Italy 2008-21
78%
3 Jack Miller Australia 2015-21
77%
4 Pecco Bagnaia Italy 2019-21
77%
2 Brad Binder S Africa 2020-21
76%
1 Joan Mir Spain 2019-21
76%
3 Alex Rins Spain 2017-21
72%
3 Nicky Hayden USA 2003-16
70%
3 Miguel Oliveira Portugal 2019-21
67%
9 Maverick Vinales Spain 2015-21
64%
1 Jorge Martin Spain 2021
63%
3 Cal Crutchlow UK 2011-21
58%
3 Franco Morbidelli Italy 2018-21
56%
2 Danilo Petrucci Italy 2012-21
53%
5 Max Biaggi Italy 2002-05
52%
1 Andrea Iannone Italy 2013-19
49%
7 Loris Capirossi Italy 2002-11
49%
8 Sete Gibernau Spain 2002-06, 09
44%
5 Marco Melandri Italy 2003-10, 15
38%
3 Alex Barros Brazil 2002-05, 07
35%
1 Ben Spies USA 2008-13
31%
1 Chris Vermeulen Australia 2005-09, 12
25%
1 Toni Elias Spain 2005-09, 11-12, 15
25%
1 Troy Bayliss Australia 2003-06
23%
1 Tohru Ukawa Japan 2002-05
18%
2 Makoto Tamada Japan 2003-07
16%
No matching quizzes found
Score Distribution
Percent of People with Each Score
Percentile by Number Answered
Your Score History
You have not taken this quiz